Global Players? Die schlesischen Leinenkaufleute im Atlantikhandel des 18. Jahrhunderts

Titel: Global Players? Die schlesischen Leinenkaufleute im Atlantikhandel des 18. Jahrhunderts / Anka Steffen
Verfasser:
In: Auf historischer Spurensuche im Bobertal... ; Bd. 3. Seminarband ... der 3. Bobertaltagung 2016, (2018), Seite 890-896
alle Artikel anzeigen
Veröffentlicht: 2018
Format: Aufsatz
Sprache: Deutsch
Schlagworte:
Kein Bild verfügbar
X
alg: 48481584
001A    $03025:27-08-21 
001B    $01999:27-08-21 $t22:30:51.000 
001D    $03025:27-08-21 
001U    $0utf8 
001X    $00 
002@    $0Aou 
002C    $aText $btxt $2rdacontent 
002D    $aohne Hilfsmittel zu benutzen $bn $2rdamedia 
002E    $aBand $bnc $2rdacarrier 
003@    $0484815849 
007A    $0484815849 $aHEB 
010@    $ager 
010E    $erda 
011@    $a2018 
021A    $aGlobal Players? Die schlesischen Leinenkaufleute im Atlantikhandel des 18. Jahrhunderts $hAnka Steffen 
028A    $BVerfasser $4aut $7115979264X $8Steffen, Anka$Z1986- [Tp3] $9431522936 
031A    $h890-896 $j2018 
039B    $aEnthalten in $8--Afx--. Auf historischer Spurensuche im Bobertal... ; Bd. 3. Seminarband ... der 3. Bobertaltagung 2016. - Würzburg : Stiftung Kulturwerk Schlesien, 2018. - 811 - 1187 Seiten, [32] ungezählte Seiten. - Illustrationen. - ISBN 978-3-929817-09-6 $x201800000000000110 $9438600185 
044K    $RHirschberg im Riesengebirge $#Hirschberg im Riesengebirge $#Hirschberg $#Hirschberg in Schlesien $#Jelení Hora $#Hiršberk $#Hornšperk $#Herschbrig $#Herschbrich $715523-8 $8Jelenia Góra [Tg1] $9040264858 
044K    $#Leinen Handel $74469563-9 $8Leinenhandel [Ts1] $9088967859 
044K    $RAußenwirtschaft $RHandel $#International trade $#Commerce extérieur $#Comercio exterior $#foreign trade $#Außenhandel $#Außenhandel $#Auswärtiger Handel $#Internationaler Handel Außenhandel $#Handelsbeziehung Außenhandel $#Handelsbeziehungen Außenhandel $74003832-4 $8Außenhandel [Ts1] $908500197X 
045F    $a330.09438509033 $eDDC23BSB 
045F/01 $a330.09 
045F/03 $f09033 
045F/03 $g4385 

lok: 48481584 78

exp: 48481584 78 1 #EPN
201B/01 $027-08-21 $t14:07:07.000 
201C/01 $027-08-21 
201U/01 $0utf8 
203@/01 $01166035093 
208@/01 $a27-08-21 $be 
209A/01 $a/ $f000 $x00 
209A/01 $ab*p $x01 
220C/01 $apgar 
244Z/01 $#Schlesien $#Schlesien $#Herzogtum Schlesien $#Herzogtum Schlesien Schlesien $#Provinz Schlesien $#Śla̜sk $#Slezsko $#Silesia $74052678-1 $8--Tg1--Schlesien $x01 $9085146781 
247C/01 $82080>Marburg/Lahn, Herder-Institut, Forschungsbibliothek, Bibliographieportal $9336309341
LEADER 00000caa a2200000 c 4500
001 484815849
003 DE-603
005 20210827223051.0
007 tu
008 210827s2018 xx |||| | u00||u|ger c
035 |a (DE-599)HEB484815849 
040 |a DE-603  |b ger  |c DE-603  |d DE-603  |e rda 
041 |a ger 
082 0 4 |8 1\u  |a 330.09438509033  |q DE-101  |2 23/BSB 
085 |8 1\u  |b 330.09 
085 |8 1\u  |z 1  |s 09033 
085 |8 1\u  |z 2  |s 4385 
100 1 |a Steffen, Anka  |d 1986-  |e Verfasser  |4 aut  |0 (DE-603)431522936  |0 (DE-588)115979264X  |2 gnd 
245 0 0 |a Global Players? Die schlesischen Leinenkaufleute im Atlantikhandel des 18. Jahrhunderts  |c Anka Steffen 
264 0 |c 2018 
336 |a Text  |b txt  |2 rdacontent 
337 |a ohne Hilfsmittel zu benutzen  |b n  |2 rdamedia 
338 |a Band  |b nc  |2 rdacarrier 
650 7 |a Leinenhandel  |0 (DE-588)4469563-9  |0 (DE-603)088967859  |2 gnd 
650 7 |a Außenhandel  |0 (DE-588)4003832-4  |0 (DE-603)08500197X  |2 gnd 
651 7 |a Jelenia Góra  |0 (DE-588)15523-8  |0 (DE-603)040264858  |2 gnd 
773 0 8 |i Enthalten in  |t Auf historischer Spurensuche im Bobertal... ; Bd. 3. Seminarband ... der 3. Bobertaltagung 2016  |d Würzburg : Stiftung Kulturwerk Schlesien, 2018  |h 811 - 1187 Seiten, [32] ungezählte Seiten, Illustrationen  |z 9783929817096  |g (2018), Seite 890-896  |w (DE-603)438600185 
924 0 |9 2080  |a (DE-603)1166035093  |b DE-2080  |c HES  |d d  |g /